000
00298nam a2200109Ia 4500
008
230907s9999||||xx |||||||||||||| ||und||
082
_a
697
_b
SUG
100
_a
Sugarman, Samuel C.,
_9
115803
245
0
_a
Testing and balancing HVAC air and water systems /
300
_a
xv, 387 pages ;
942
_c
BK
999
_c
599588
_d
599588